00956nam a2200181 a 450008200290000010000180002924501590004726001000020630000340030649000090034050002150034952600370056465000370060165000300063870000200066871000330068871000530072100a624.171bMALcN-01, P-89 aMalhotra, V.M00aSuperplasticizers and other chemical admixtures in concrete :bproceedings, third international conference, Ottawa, Canada, 1989 /cV.M. Malhotra, editor. aDetroit (P.O. Box 19150 Redford Station, Detroit 48219) :bAmerican Concrete Institute,cc1989. avii, 665 p. :bill. ;c23 cm.1 aSP ; aIn October 1989, CANMET in association with the American Concrete Institute sponsored the International Conference on Superplasticizers and other Chemical Admixtures in Concrete held in Ottawa, Ontario, Canada. a0b0c0d624_171000000000000_MAL 0aConcretexAdditivesxCongresses. 0aPlasticisersxCongresses.1 aMalhotra, V. M.2 aAmerican Concrete Institute.2 aCanada Centre for Mineral and Energy Technology.